[Event "45th FIDE Chess Olympiad - Women's Sect"]
[Site "Budapest, Hungary"]
[Date "2024.09.12"]
[Round "2.32"]
[White "Canino, Ruelle"]
[Black "Zatonskih, Anna"]
[Result "0-1"]
[WhiteElo "2004"]
[BlackElo "2320"]
[PlyCount "66"]
[EventDate "2024.??.??"]
[WhiteTeam "Philippines"]
[BlackTeam "United States of America"]
[WhiteTeamCountry "PHI"]
[WhiteClock "0:00:31"]
[BlackClock "0:35:09"]

1. c4 e5 2. Nf3 e4 ({RR} 2... d5 3. g3 Nf6 4. Bg2 dxc4 5. Qa4+ c6 6. Qxc4 b5 7. Qc2 Bb7 8. O-O Nbd7 9. d3 {½-½ (9) Mohr,G (2483)-Pavasovic,D (2510) Bled 1999}) ({RR} 2... Nf6 3. Nxe5 d6 4. Nf3 Be7 5. g3 O-O 6. Bg2 c6 7. O-O h6 8. Nc3 Re8 9. d4 Bf8 10. Qc2 Qc7 11. e4 b6 12. Re1 Bb7 13. h3 Nbd7 14. b3 a5 15. Bb2 g6 16. Rad1 Bg7 17. Re2 {Lorenzo de la Riva,L (2404)-Andreev,K (2151) chess.com INT 2023 1-0 (76)}) 3. Ng1 Nf6 4. Nc3 Bb4 $146 ({RR} 4... Bc5 5. g3 O-O 6. Bg2 Re8 7. Qc2 Qe7 8. Nh3 Nc6 9. O-O Nd4 10. Qb1 d5 11. cxd5 Bf5 12. Nf4 g5 13. Nh3 e3 14. d3 exf2+ 15. Kh1 Bxh3 16. Bxh3 g4 17. Bg2 Nxe2 18. Bg5 Qe5 19. Bxf6 {Tyle,V-Vojta,T (2225) Svetla nad Sazavou 1998 0-1}) ({RR} 4... Bc5 5. e3 O-O 6. d4 exd3 7. Bxd3 Nc6 8. Nf3 d6 9. h3 Ne5 10. Nxe5 dxe5 11. Qc2 c6 12. O-O Qe7 13. b3 Bd7 14. Bb2 Rad8 15. Rad1 {½-½ (15) Igriashvili,Z (2241)-Balashov,Y (2487) Tula 2004}) 5. Qc2 Qe7 6. Nb5 d5 7. a3 c6 8. cxd5 O-O 9. dxc6 Bc5 10. e3 Nxc6 11. d4 Bb6 12. Ne2 Bd7 13. Ng3 Rac8 14. Nc3 Rfe8 15. Be2 Bc7 16. b4 a5 17. b5 Nb4 18. axb4 axb4 19. Na4 Bxg3 20. Qb2 Bd6 21. Nb6 Rc7 22. Bd2 Be6 23. O-O Nd5 24. Nxd5 Bxd5 25. b6 Rc6 26. Bb5 Bxh2+ 27. Kxh2 Qh4+ 28. Kg1 Rh6 29. f4 exf3 30. Rxf3 Bxf3 31. Bf1 Qh2+ 32. Kf2 Bxg2 33. Qxb4 Bxf1+ 0-1

[Event "45th FIDE Chess Olympiad - Women's Sect"]
[Site "Budapest, Hungary"]
[Date "2024.09.12"]
[Round "2.33"]
[White "Goossens, Hanne"]
[Black "Paehtz, Elisabeth"]
[Result "0-1"]
[WhiteElo "2189"]
[BlackElo "2455"]
[PlyCount "76"]
[EventDate "2024.??.??"]
[WhiteTeam "Belgium"]
[BlackTeam "Germany"]
[WhiteTeamCountry "BEL"]
[BlackTeamCountry "GER"]
[WhiteClock "0:00:50"]
[BlackClock "0:06:45"]

1. e4 e5 2. Nf3 Nc6 3. Bc4 Nf6 4. d4 exd4 5. e5 d5 6. Bb5 Nd7 7. O-O Be7 8. Bxc6 bxc6 9. Nxd4 Nb8 10. Nc3 O-O 11. Qf3 a5 12. Re1 Ra6 13. Nf5 Bxf5 14. Qxf5 Rb6 $146 ({RR} 14... c5 15. Rd1 c6 16. Rd3 g6 17. Qf4 f5 18. Qh6 Qd7 19. Bg5 Bxg5 20. Qxg5 Qe6 21. Re1 Nd7 22. h4 f4 23. h5 Rf5 24. Qd8+ Kg7 25. hxg6 Nxe5 26. gxh7 Nf3+ 27. gxf3 Qxe1+ 28. Kg2 Kxh7 29. Rd1 {Najer,E (2659)-Robson,R (2681) Chess.com INT 2022 1-0 (33)}) ({RR} 14... f6 15. e6 d4 16. Ne2 c5 17. Ng3 g6 18. Qd3 Rb6 19. Bh6 Re8 20. h4 Nc6 21. h5 Nb4 22. Qd1 Qd5 23. a3 Na6 24. hxg6 hxg6 25. Qg4 Kh7 26. Bd2 Rh8 27. c4 Qxc4 28. Nf5 gxf5 29. Qh5+ {Hollan,M (2373)-Gorkiewicz,M (2223) Krakow POL 2024 1-0}) ({RR} 14... c5 15. Qd3 d4 16. Ne4 Rb6 17. f4 Nc6 18. b3 Nb4 19. Qc4 Qd5 20. Qxd5 Nxd5 21. Bd2 a4 22. Nf2 Rc6 23. Rab1 c4 24. bxa4 Ra6 25. Re4 c5 26. a5 c3 27. Bc1 Rxa5 28. a3 Raa8 29. Rb7 {Makaraci,T (2130)-Han,Y (2286) Belgrade 2022 0-1 (46)}) ({RR} 14... c5 15. Bf4 Re6 16. Rad1 c6 17. Ne4 Qc8 18. Ng5 Bxg5 19. Bxg5 f6 20. Bd2 fxe5 21. Qh5 Nd7 22. Re3 Nf6 23. Qg5 Ne4 24. Rxe4 dxe4 25. Be3 Rg6 26. Qh4 Rg4 27. Qe7 Rxg2+ 28. Kh1 Qh3 29. Qxe5 {Montero Olmos,J (1946)-Bernado Lopez,R (2203) Barcelona ESP 2023 0-1}) 15. b3 Qd7 16. Qd3 Rd8 17. Na4 Rb5 18. Bb2 Na6 19. Nc3 Rb6 20. Ne2 c5 21. Ng3 Nb4 22. Qd2 Qg4 23. f4 Rh6 24. Re2 Qh4 25. Nf1 d4 26. Re4 Nd5 27. g3 Qg4 28. Qe2 Qf5 29. Qg2 Rg6 30. Ree1 Nxf4 31. Qf3 Nh3+ 32. Kg2 Qxc2+ 33. Re2 Qxe2+ 34. Qxe2 Nf4+ 35. Kf2 Nxe2 36. Kxe2 Re6 37. Nd2 Rxe5+ 38. Kf2 Rf5+ 0-1

[Event "45th FIDE Chess Olympiad - Women's Sect"]
[Site "Budapest, Hungary"]
[Date "2024.09.12"]
[Round "2.34"]
[White "Heinemann, Josefine"]
[Black "Vanduyfhuys, Daria"]
[Result "1/2-1/2"]
[WhiteElo "2316"]
[BlackElo "2112"]
[PlyCount "63"]
[EventDate "2024.??.??"]
[WhiteTeam "Germany"]
[BlackTeam "Belgium"]
[WhiteTeamCountry "GER"]
[BlackTeamCountry "BEL"]
[WhiteClock "0:07:17"]
[BlackClock "0:07:09"]

1. c4 Nf6 2. Nf3 g6 3. Nc3 Bg7 4. d4 d6 5. e4 O-O 6. Be2 Nbd7 7. O-O e5 8. Re1 exd4 9. Nxd4 Nc5 10. Bf1 Re8 11. f3 Ne6 12. Nde2 ({RR} 12. Be3 Nxd4 13. Bxd4 Nd7 14. Bxg7 Kxg7 15. Qd4+ Qf6 16. Qd2 Ne5 17. Nd5 Qd8 18. Qc3 f6 19. Rad1 Be6 20. c5 c6 21. Ne3 d5 22. exd5 cxd5 23. Bb5 Rf8 24. Nc4 Nxc4 25. Rxe6 Ne5 26. Rd6 Qc7 {Wu,W (2435)-Wang,S (2411) Qingdao 1999 1-0 (31)}) ({RR} 12. Be3 Nxd4 13. Bxd4 Nh5 14. Bxg7 Nxg7 15. Qc2 Be6 16. Rad1 Qg5 17. Nd5 Bxd5 18. cxd5 Re7 19. Qb3 b6 20. g3 f5 21. f4 Qf6 22. e5 Qf7 23. e6 Qf6 24. Rc1 Nh5 25. Rc4 g5 26. Be2 Ng7 {Aponte Castillo,E (2023)-Sanchez Soba,O (1386) Velez, Santander COL 2023 0-1 (52)}) 12... Bd7 $146 ({RR} 12... Nh5 13. Be3 Be5 14. Qd2 g5 15. g3 Qf6 16. Bg2 c6 17. Rf1 Qg7 18. f4 gxf4 19. gxf4 Bf6 20. Kh1 Qf8 21. Bf3 Nhg7 22. Rg1 Kh8 23. Rg3 Bh4 24. Rg4 Qe7 25. f5 Nc5 26. Rag1 Nxf5 27. exf5 {Cruz,C (2525)-Rius Marse,J (2011) Sitges 2009 1-0}) ({RR} 12... a6 13. Be3 Rb8 14. b4 b5 15. cxb5 axb5 16. Nd4 Nxd4 17. Bxd4 c5 18. Bf2 cxb4 19. Nxb5 d5 20. e5 Nh5 21. Bd4 Qg5 22. Qc1 Qh4 23. g4 Bd7 24. Bf2 Qd8 25. Nd4 Bxe5 26. gxh5 Rc8 27. Qd2 {Doostkam,P (2151)-Rezvani,A (2065) Hamadan 2012 1-0 (37)}) ({RR} 12... b6 13. Be3 Bb7 14. Qd2 Qe7 15. Nd5 Nxd5 16. cxd5 Nc5 17. Nd4 Nxe4 18. fxe4 Qxe4 19. Bb5 Re5 20. Nc6 Rxd5 21. Qxd5 {1-0 (21) Cordts,I (2259)-Beinroth,M (1904) Ghent 2017}) 13. Be3 a6 14. a4 a5 15. Qc2 Qe7 16. Rad1 Rad8 17. Bf2 Qf8 18. Nb5 Bxb5 19. axb5 Nd7 20. Nc3 Be5 21. g3 Qg7 22. Qd2 Ndc5 23. Bg2 Nb3 24. Qc2 Nbd4 25. Qb1 g5 26. Re3 c6 27. Red3 Nb3 28. Na4 Nbd4 29. Nc3 Nb3 30. Na4 Nbd4 31. Nc3 Nb3 32. Na4 1/2-1/2

[Event "45th FIDE Chess Olympiad - Women's Sect"]
[Site "Budapest, Hungary"]
[Date "2024.09.12"]
[Round "2.35"]
[White "De Rycke, Tyani"]
[Black "Klek, Hanna Marie"]
[Result "1/2-1/2"]
[WhiteElo "2110"]
[BlackElo "2296"]
[PlyCount "83"]
[EventDate "2024.??.??"]
[WhiteTeam "Belgium"]
[BlackTeam "Germany"]
[WhiteTeamCountry "BEL"]
[BlackTeamCountry "GER"]
[WhiteClock "0:26:51"]
[BlackClock "0:37:55"]

1. e4 c5 2. Nc3 Nc6 3. g3 g6 4. Bg2 Bg7 5. d3 d6 6. Be3 e5 7. Qd2 Nge7 8. Nge2 Nd4 9. O-O O-O 10. f4 Be6 11. Nd1 b6 $146 ({RR} 11... Qd7 12. c3 Nxe2+ 13. Qxe2 Rac8 14. Nf2 d5 15. Bd2 d4 16. c4 b5 17. b3 bxc4 18. bxc4 Rb8 19. Rfb1 Nc6 20. Qd1 a5 21. a3 Qa7 22. f5 Bd7 23. g4 Ne7 24. h4 a4 25. Qf3 f6 26. Bh3 {Karpov,A-Tsikhelashvili,G Moscow 1966 1-0 (39)}) ({RR} 11... Qd7 12. c3 Nxe2+ 13. Qxe2 Nc6 14. Qd2 exf4 15. gxf4 f5 16. b3 Rae8 17. Rc1 Ne7 18. c4 Nc6 19. Nc3 Nd4 20. Ne2 Nc6 21. Ng3 Kh8 22. Rce1 Nd4 23. Ne2 Nc6 24. Ng3 Qf7 25. Kh1 Re7 26. e5 {Pasiev,R (2385)-Bukavshin,I (2539) Saratov 2013 ½-½ (50)}) ({RR} 11... Qd7 12. Nf2 f5 13. c3 Nxe2+ 14. Qxe2 Rac8 15. c4 b5 16. Rad1 h6 17. b3 Kh7 18. Qd2 b4 19. Kh1 a5 20. Rg1 a4 21. Rb1 Rf7 22. Rgf1 Ng8 23. exf5 gxf5 24. Qc2 a3 25. Qe2 Ne7 26. Nh3 {Koziol,P (1647)-Kowalski,W (1667) Warsaw POL 2024 ½-½ (50)}) ({RR} 11... Qd7 12. c3 Nxe2+ 13. Qxe2 Rac8 14. Nf2 f5 15. Rfd1 h6 16. d4 cxd4 17. cxd4 exf4 18. Bxf4 Bc4 19. Qd2 fxe4 20. Nxe4 g5 21. Be3 Bd5 22. Re1 Kh8 23. Kh1 Nf5 24. Bg1 Rce8 25. Rac1 Re7 26. Nc3 {Novak,E-Adamski,J Prague 1966 ½-½ (33)}) ({RR} 11... Rc8 12. c3 Nxe2+ 13. Qxe2 Qd7 14. Nf2 Rfd8 15. f5 gxf5 16. Qh5 f6 17. Bh3 fxe4 18. Bxe6+ Qxe6 19. dxe4 d5 20. Ng4 Rf8 21. Bh6 Bxh6 22. Nxh6+ Kh8 23. exd5 Nxd5 24. Rae1 Ne7 25. Ng4 Ng8 26. Rf2 {Norwood,D (2335)-Jackson,S (2235) Brighton 1985 1-0 (65)}) 12. c3 Nxe2+ 13. Qxe2 exf4 14. gxf4 d5 15. Nf2 Qd7 16. Rad1 d4 17. Bd2 Bxa2 18. c4 Bb3 19. Ra1 a5 20. f5 gxf5 21. exf5 Rae8 22. Ne4 f6 23. Qh5 Nc8 24. Rf3 Re5 25. Raf1 Qe8 26. Qh4 Rxe4 27. dxe4 Bxc4 28. Rh3 h5 29. Rff3 Be2 30. Rf2 Bd1 31. Rg3 Rf7 32. Rf1 Be2 33. Re1 d3 34. Bf1 Bxf1 35. Rxf1 c4 36. Bh6 Qe5 37. Qxh5 Nd6 38. Qg4 Qxe4 39. Rf4 Qe1+ 40. Rf1 Qe4 41. Rf4 Qe1+ 42. Rf1 1/2-1/2

[Event "45th FIDE Chess Olympiad - Women's Sect"]
[Site "Budapest, Hungary"]
[Date "2024.09.12"]
[Round "2.37"]
[White "Garcia Martin, Marta"]
[Black "Sulyok, Eszter"]
[Result "1-0"]
[WhiteElo "2318"]
[BlackElo "2080"]
[PlyCount "55"]
[EventDate "2024.??.??"]
[WhiteTeam "Spain"]
[BlackTeam "Hungary C"]
[WhiteTeamCountry "ESP"]
[WhiteClock "0:01:16"]
[BlackClock "0:00:48"]

1. e4 e5 2. Nf3 Nc6 3. Bc4 Bc5 4. d3 Nf6 5. O-O O-O 6. c3 d6 7. Nbd2 a5 8. Re1 Be6 9. h3 h6 10. Bb5 Ne7 ({RR} 10... Qb8 11. Re2 Qa7 12. Bxc6 bxc6 13. a4 Nd7 14. Nf1 d5 15. d4 exd4 16. Nxd4 Qb6 17. Be3 Bxd4 18. Bxd4 Qb7 19. exd5 cxd5 20. Ng3 Rae8 21. Qd2 c5 22. Be3 Kh7 23. Rae1 Qc6 24. Bf4 Qxa4 25. Nf5 {Caruana,F (2805)-Ding Liren (2762) Stavanger NOR 2024 1-0 (31)}) ({RR} 10... Ba7 11. Nf1 Ne7 12. Ng3 Ng6 13. d4 c6 14. Bd3 Re8 {½-½ (14) Pribelszky,B (2366)-Koustav,C (2525) Budapest HUN 2024}) 11. d4 $146 ({RR} 11. Nf1 Ng6 12. Ng3 c6 13. Ba4 Bb6 14. d4 Re8 15. Bc2 Qc7 16. Be3 Rad8 17. Qc1 d5 18. dxe5 Bxe3 19. Qxe3 Nxe5 20. Nxe5 Qxe5 21. f4 Qc7 22. e5 d4 23. cxd4 Nd5 24. Qe4 Kf8 25. Rad1 Qb6 {Pichot,A (2630)-Shankland,S (2691) chess24.com INT 2020 1-0 (36)}) 11... exd4 12. cxd4 Ba7 13. Bd3 d5 14. e5 Nd7 15. Nf1 c5 16. Ng3 cxd4 17. Bxh6 Ng6 18. Qd2 Re8 19. Nh5 Bxh3 20. Bxg7 Bg4 21. Qh6 Bxh5 22. Ng5 Qxg5 23. Qxg5 Kxg7 24. f4 Nc5 25. f5 Rh8 26. Qf6+ Kh6 27. fxg6 Nxd3 28. g7+ 1-0

[Event "45th FIDE Chess Olympiad - Women's Sect"]
[Site "Budapest, Hungary"]
[Date "2024.09.12"]
[Round "2.38"]
[White "Gombocz, Zsofia"]
[Black "Vega Gutierrez, Sabrina"]
[Result "0-1"]
[WhiteElo "2061"]
[BlackElo "2374"]
[PlyCount "52"]
[EventDate "2024.??.??"]
[WhiteTeam "Hungary C"]
[BlackTeam "Spain"]
[BlackTeamCountry "ESP"]
[WhiteClock "0:08:00"]
[BlackClock "0:31:13"]

1. e4 c5 2. Nf3 e6 3. c4 Nc6 4. Nc3 Nd4 5. Nxd4 cxd4 6. Ne2 e5 7. Ng3 ({RR} 7. a3 Nf6 8. d3 {½-½ (8) Nevednichy,V (2563)-Eingorn,V (2589) Saint Vincent 2001}) 7... h5 $146 ({RR} 7... d6 8. Be2 Nf6 9. O-O h5 10. d3 h4 11. Nh1 Be7 12. f4 Nd7 13. Bg4 exf4 14. Bxf4 Ne5 15. Bxc8 Qxc8 16. Nf2 Qd7 17. b4 Bf6 18. Bxe5 Bxe5 19. Nh3 Rh6 20. Nf4 Kf8 21. Nd5 Re8 22. Rf5 {Pugachov,A (2495)-Dolgopolov,A (2274) Kurgan 2001 1-0}) ({RR} 7... d6 8. d3 Be7 9. Be2 Bg5 10. O-O Bxc1 11. Rxc1 Ne7 12. f4 f6 13. Bh5+ g6 14. Bg4 O-O 15. Bxc8 Rxc8 16. f5 Rc6 17. Qg4 Qc8 18. Rf3 b5 19. b3 a5 20. Rcf1 bxc4 21. bxc4 Rb6 22. Qh4 {Sharapov,E (2375)-Shevchuk,O (2093) chess.com INT 2024 1-0 (36)}) ({RR} 7... Nf6 8. d3 h5 9. h4 b5 10. cxb5 Qa5+ 11. Bd2 Qxb5 12. Qc2 d5 13. Qc7 Qb8 14. Rc1 Bd6 15. Qxb8 Rxb8 16. b3 O-O 17. Be2 Bb7 18. f3 g6 19. O-O Ba3 20. Rb1 Rfc8 21. Bc1 Bxc1 22. Rfxc1 {Gombocz,Z (2087)-Ongut,T (2297) Tapolca 2021 ½-½ (56)}) ({RR} 7... Nf6 8. Be2 d6 9. d3 Be7 10. O-O Rb8 11. f4 b5 12. fxe5 dxe5 13. cxb5 Rxb5 14. Nf5 Bxf5 15. Rxf5 Nd7 16. Qf1 O-O 17. Bd1 Rb6 18. Bb3 Rf6 19. Bd2 Nc5 20. Bc4 Na4 21. Rxf6 Bxf6 22. Bb5 {Russo,L (2061)-Vianello,E (2093) Verona 2019 ½-½ (34)}) ({RR} 7... d6 8. Be2 Nf6 9. O-O g5 10. d3 h6 11. h3 Be6 12. Bg4 Nxg4 13. hxg4 Qd7 14. f3 f6 15. Kf2 Bf7 16. Rh1 Bg6 17. Bd2 O-O-O 18. b4 b5 19. cxb5 Qxb5 20. Ke2 d5 21. a4 Qd7 22. Rc1+ {Prins,L-Ticoulat,N Sitges 1934 0-1 (43)}) 8. h4 g6 9. Ne2 Qa5 10. g3 Nf6 11. Bg2 b5 12. cxb5 Qxb5 13. Qb3 Ba6 14. Qxb5 Bxb5 15. f4 Ng4 16. Bf3 Bd6 17. Bxg4 hxg4 18. f5 Bd3 19. fxg6 fxg6 20. Rf1 Ke7 21. b3 Raf8 22. Bb2 Rxf1+ 23. Kxf1 Rf8+ 24. Ke1 Bxe4 25. d3 Bb4+ 26. Kd1 Bxd3 0-1

[Event "45th FIDE Chess Olympiad - Women's Sect"]
[Site "Budapest, Hungary"]
[Date "2024.09.12"]
[Round "2.39"]
[White "Matnadze Bujiashvili, Ann"]
[Black "Nandin-Erdene, Davaademberel"]
[Result "1-0"]
[WhiteElo "2338"]
[BlackElo "2039"]
[PlyCount "224"]
[EventDate "2024.??.??"]
[WhiteTeam "Spain"]
[BlackTeam "Hungary C"]
[WhiteTeamCountry "ESP"]
[WhiteClock "0:11:13"]
[BlackClock "0:01:20"]

1. Nf3 d5 2. g3 Nf6 3. Bg2 c5 4. O-O Nc6 5. d4 cxd4 6. Nxd4 e5 7. Nxc6 bxc6 8. c4 Be6 9. Qa4 Qd7 10. Nc3 Rc8 11. cxd5 cxd5 12. Qxd7+ Kxd7 13. Rd1 Bc5 14. Nxd5 Nxd5 15. Bxd5 Bxd5 16. Rxd5+ Ke6 17. Rd1 Rhd8 18. Bd2 Bb6 $146 ({RR} 18... Bd4 19. Bc3 Bxc3 20. Rxd8 Rxd8 21. bxc3 Rd2 22. Kf1 Rc2 23. Ke1 Rxc3 24. Kd2 Ra3 25. Kc2 h5 26. Kb2 Ra4 27. Rc1 Rd4 28. Rc2 Rd1 29. a4 Rh1 30. h4 Rf1 31. e3 Kd5 32. a5 a6 33. Kc3 {Parekh,V (1791)-Sapaev,M (2250) Bhopal 2019 0-1 (64)}) ({RR} 18... Bd4 19. Bc3 Bxc3 20. bxc3 Rxd1+ 21. Rxd1 Rxc3 22. Rd2 a5 23. Rb2 Ra3 24. Kf1 g5 25. e4 h5 26. h3 h4 27. gxh4 gxh4 28. Kg2 f6 29. f3 Kf7 30. Rf2 Kg6 31. f4 Rg3+ 32. Kh2 Re3 33. fxe5 {Flynn,J (2134)-Csonka,B (2473) chess.com INT 2024 0-1 (50)}) ({RR} 18... Bd4 19. Bc3 Bxc3 20. Rxd8 Rxd8 21. bxc3 Rd2 22. e3 Rc2 23. Kg2 Rxc3 24. Kf3 f5 25. Rb1 Ra3 26. Rb2 g5 27. h3 h5 28. Rc2 g4+ 29. hxg4 hxg4+ 30. Kg2 Kd5 31. Rd2+ Ke4 32. Rc2 Ra4 33. Rb2 {Stefanova,A (2470)-Kosteniuk,A (2546) Hengshui 2019 0-1 (50)}) ({RR} 18... Bd4 19. Ba5 Rd5 20. Bc3 Bxc3 21. Rxd5 Kxd5 22. Rc1 Rb8 23. Rxc3 Rxb2 24. Rc7 Rxa2 25. Rxf7 a5 26. Rxg7 h5 27. e3 a4 28. Ra7 Ke4 29. Kg2 a3 30. h3 Kf5 31. Ra4 Ra1 32. g4+ hxg4 33. hxg4+ {Kouskoutis,G (2279)-Quintiliano Pinto,R (2509) chess.com INT 2022 ½-½ (46)}) 19. Bc3 Bd4 20. Rac1 Bxc3 21. Rxd8 Rxd8 22. Rxc3 Rd2 23. Rc6+ Kf5 24. Rc7 Kg6 25. Rxa7 Rxb2 26. Kf1 Rb1+ 27. Kg2 e4 28. g4 Rb2 29. e3 f6 30. Ra5 Rc2 31. h3 Rb2 32. Kg3 Re2 33. h4 Kh6 34. Ra6 Kg6 35. h5+ Kg5 36. Ra7 Kh6 37. a3 Ra2 38. Ra6 Kg5 39. Ra7 Kh6 40. Ra4 g6 41. hxg6 hxg6 42. Rxe4 Rxa3 43. Re6 Kg7 44. Re7+ Kf8 45. Rb7 g5 46. Kf3 Ra2 47. Rc7 Rb2 48. Kg3 Rb3 49. Kg2 Ra3 50. Rd7 Ke8 51. Rh7 Ra2 52. Kg3 Ra3 53. Kf3 Ra2 54. Rb7 Kf8 55. Kg3 Ra3 56. Kf3 Ra2 57. Rb3 Kf7 58. Kg3 Ra4 59. Rd3 Ra1 60. Kg2 Ra2 61. Kf3 Ke6 62. Kg3 Ra1 63. Rb3 Rg1+ 64. Kf3 Re1 65. Ke4 Re2 66. f3 Ra2 67. Rb6+ Kf7 68. Rc6 Ra4+ 69. Kd5 Ra3 70. Rc7+ Kg6 71. Kd4 Ra4+ 72. Rc4 Ra3 73. Ke4 Ra1 74. Rd4 Ra3 75. Rb4 Rc3 76. Rb7 Rc4+ 77. Kd5 Ra4 78. Re7 Ra5+ 79. Kd6 Ra6+ 80. Kc5 Ra3 81. Re4 Ra5+ 82. Kd4 Ra3 83. Re6 Ra4+ 84. Kd3 Ra3+ 85. Ke2 Ra2+ 86. Ke1 Rb2 87. Rd6 Rh2 88. Rd7 Ra2 89. Rd2 Ra3 90. Kf2 Rb3 91. Rd7 Rb2+ 92. Kg3 Rb3 93. Kf2 Rb2+ 94. Kf1 Ra2 95. Rd3 Ra4 96. Kf2 Ra2+ 97. Kg3 Ra1 98. f4 gxf4+ 99. exf4 Rg1+ 100. Kh3 Rf1 101. Rd4 Rh1+ 102. Kg2 Ra1 103. Rd7 Ra3 104. Re7 Rb3 105. Kf2 Ra3 106. Re6 Rb3 107. g5 Kf5 108. Rxf6+ Kg4 109. Rf7 Rb6 110. Ke3 Re6+ 111. Kd4 Rg6 112. Ke5 Kh5 1-0

[Event "45th FIDE Chess Olympiad - Women's Sect"]
[Site "Budapest, Hungary"]
[Date "2024.09.12"]
[Round "2.41"]
[White "Keinanen, Anastasia"]
[Black "Assaubayeva, Bibisara"]
[Result "1/2-1/2"]
[WhiteElo "2212"]
[BlackElo "2482"]
[PlyCount "107"]
[EventDate "2024.??.??"]
[WhiteTeam "Finland"]
[BlackTeam "Kazakhstan"]
[WhiteTeamCountry "FIN"]
[BlackTeamCountry "KAZ"]
[WhiteClock "0:03:34"]
[BlackClock "0:19:30"]

1. e4 c5 2. Nf3 d6 3. d4 cxd4 4. Nxd4 Nf6 5. Nc3 a6 6. Nb3 Nbd7 7. g4 h6 8. a4 b6 9. Bg2 Bb7 10. Qe2 e6 $146 ({RR} 10... Qc7 11. f4 g6 12. Be3 Bg7 13. O-O-O Rc8 14. Rhg1 Nxg4 15. e5 Bxg2 16. Rxg2 Nxe3 17. exd6 Qc6 18. Qxe3 e6 19. Nd5 Kf8 20. f5 exd5 21. Qe7+ Kg8 22. fxg6 Rf8 23. gxf7+ Kh7 24. Rxg7+ Kxg7 25. Rg1+ {Mgeladze,K (2152)-Huseynova,L (1984) Prague CZE 2024 1-0}) ({RR} 10... g5 11. h4 Rg8 12. hxg5 hxg5 13. Be3 e6 14. f3 Ne5 15. Rd1 Qc7 16. Nd4 Rc8 17. Bc1 Be7 18. Rh6 Nfd7 19. Bh1 Ng6 20. Qh2 Qc5 21. Be3 Qe5 22. Qf2 Qg7 23. Rh2 Nf4 24. Nce2 Nxe2 25. Qxe2 {Dimitrova,A (2273)-Lysenko,M (2224) Yaroslavl 2019 0-1 (55)}) ({RR} 10... Rc8 11. f4 g5 12. fxg5 hxg5 13. Bxg5 Bg7 14. O-O-O Rxc3 15. bxc3 Qc7 16. Bd2 Ne5 17. g5 Nfd7 18. h4 Qc6 19. h5 Nc4 20. Kb1 Be5 21. Bf1 Na3+ 22. Kb2 Nxc2 23. Kxc2 Qxa4 24. Ra1 Qc6 25. Bg2 {Ronka,E (2355)-Vishnu,P (2476) Chess.com INT 2022 0-1 (40)}) 11. f4 Rc8 12. h3 Rc7 13. O-O Qa8 14. Bd2 Be7 15. Rae1 Nh7 16. Nd4 O-O 17. f5 Bf6 18. Be3 e5 19. Nb3 Rxc3 20. bxc3 Bxe4 21. Bxe4 Qxe4 22. Qd3 Qc6 23. Rd1 Be7 24. c4 Nhf6 25. a5 bxa5 26. Nxa5 Qc7 27. Nb3 Rc8 28. Nd2 d5 29. cxd5 e4 30. d6 exd3 31. dxc7 dxc2 32. Rde1 Rxc7 33. Nb3 Rc3 34. Bd2 Rg3+ 35. Kf2 Bd6 36. Re3 Ne4+ 37. Rxe4 Rxb3 38. Ke2 Nf6 39. Re3 Rb2 40. Bc1 Ra2 41. Kd3 a5 42. Kc4 a4 43. Rf2 Kh7 44. Ree2 Ra1 45. Rxc2 Rb1 46. Bb2 a3 47. Bxf6 gxf6 48. Ra2 Kg7 49. Kd5 Bf8 50. Rf3 Rb5+ 51. Kc4 Rb4+ 52. Kc3 Rb1 53. Kd4 Rb4+ 54. Kc3 1/2-1/2

[Event "45th FIDE Chess Olympiad - Women's Sect"]
[Site "Budapest, Hungary"]
[Date "2024.09.12"]
[Round "2.43"]
[White "Bederdin, Lilja"]
[Black "Nurman, Alua"]
[Result "1-0"]
[WhiteElo "2065"]
[BlackElo "2324"]
[PlyCount "99"]
[EventDate "2024.??.??"]
[WhiteTeam "Finland"]
[BlackTeam "Kazakhstan"]
[WhiteTeamCountry "FIN"]
[BlackTeamCountry "KAZ"]
[WhiteClock "0:23:38"]
[BlackClock "0:14:13"]

1. d4 Nf6 2. c4 g6 3. Nc3 Bg7 4. e4 d6 5. h3 Nbd7 6. Be3 e5 7. d5 Nc5 8. Qc2 a5 9. Nf3 O-O 10. Be2 Qe7 ({RR} 10... Nh5 11. g3 f5 12. exf5 Bxf5 13. Qd1 e4 14. Nd4 Bd7 15. Nb3 b6 16. Qd2 Qe7 17. Nd4 a4 18. O-O-O a3 19. b3 Qe5 20. Qc2 Rf7 21. Kb1 Raf8 22. Bg4 Nf6 23. Bf4 Qe8 24. Bxd7 Qxd7 25. Be3 {Cyborowski,L (2580)-Kempinski,R (2590) Opole 2007 ½-½ (51)}) 11. Nd2 c6 $146 ({RR} 11... Nfd7 12. g4 c6 13. O-O-O Nb6 14. Nb3 cxd5 15. Nxc5 d4 16. N5a4 Nxa4 17. Nxa4 dxe3 18. fxe3 Be6 19. Kb1 Qc7 20. b3 Rac8 21. Qd2 Rfd8 22. Bd3 Bd7 23. Nc3 Qc5 24. Nd5 Ra8 25. Rhf1 b5 26. cxb5 {Demircan,D-Kottisch,G Vienna 2003 1-0 (45)}) ({RR} 11... Ne8 12. g4 f5 13. gxf5 gxf5 14. O-O-O f4 15. Bxc5 dxc5 16. Nf3 Nd6 17. Rdg1 Kh8 18. h4 Bd7 19. Qd1 Bh6 20. Kb1 a4 21. a3 Ra6 22. Ka2 Rb6 23. Bd3 Ra6 24. Be2 Raa8 25. Qc2 b6 26. Rh2 {Roubalik,J (2351)-Zylka,S (2411) Slovakia SVK 2024 ½-½ (64)}) ({RR} 11... Bd7 12. b3 Ne8 13. g4 f5 14. f3 Bh6 15. Bf2 Bf4 16. O-O-O fxe4 17. Ncxe4 Nxe4 18. Qxe4 Nf6 19. Qc2 c6 20. Kb1 cxd5 21. cxd5 a4 22. Ne4 axb3 23. axb3 Rfc8 24. Qd3 Nxe4 25. Qxe4 Qd8 26. Qb4 {Schwarz,F (2264)-Krueger,W (2224) Itzehoe 2007 ½-½ (32)}) ({RR} 11... Bd7 12. Nb3 b6 13. O-O Kh8 14. Nxc5 bxc5 15. a4 Ng8 16. Nb5 Qd8 17. f4 f5 18. fxe5 Bxe5 19. Bd3 f4 20. Bd2 g5 21. Bc3 Re8 22. Qe2 Nf6 23. Rae1 Kg7 24. Qd2 Nh5 25. Bxa5 Ng3 26. Rf3 {Ghersinich,G-Ikica,A (2119) Porec 2003 ½-½ (49)}) 12. O-O Nfd7 13. Nb3 Nxb3 14. Qxb3 c5 15. Nb5 h6 16. f3 Nf6 17. g4 Nh7 18. Qd3 f5 19. Kg2 Rf7 20. Rh1 Bd7 21. a4 Raf8 22. Raf1 h5 23. Bd2 b6 24. b3 Bc8 25. Nc3 Bf6 26. gxf5 gxf5 27. Rfg1 Kh8 28. Kf1 Bh4 29. Bd1 fxe4 30. Nxe4 Bf5 31. Bh6 Re8 32. Ke2 Nf6 33. Qe3 Nh7 34. Bc2 Qd7 35. Rh2 Nf6 36. Bg5 Bxe4 37. Bxf6+ Bxf6 38. Qh6+ Bh7 39. Bxh7 Rxh7 40. Qxf6+ Rg7 41. Rhg2 Ree7 42. Qh6+ Kg8 43. Qxh5 Qc7 44. Qh6 Qd7 45. Ke3 Ref7 46. Rxg7+ Rxg7 47. Rxg7+ Qxg7 48. Qxg7+ Kxg7 49. Ke4 Kf6 50. f4 1-0

[Event "45th FIDE Chess Olympiad - Women's Sect"]
[Site "Budapest, Hungary"]
[Date "2024.09.12"]
[Round "2.44"]
[White "Kairbekova, Amina"]
[Black "Sippola, Sara-Olivia"]
[Result "1-0"]
[WhiteElo "2243"]
[BlackElo "1861"]
[PlyCount "79"]
[EventDate "2024.??.??"]
[WhiteTeam "Kazakhstan"]
[BlackTeam "Finland"]
[WhiteTeamCountry "KAZ"]
[BlackTeamCountry "FIN"]
[WhiteClock "0:37:09"]
[BlackClock "0:03:59"]

1. e4 e5 2. Nf3 Nc6 3. Bb5 a6 4. Ba4 Nf6 5. O-O b5 6. Bb3 Be7 7. d3 h6 ({RR} 7... Na5 8. Nxe5 Nxb3 9. axb3 Bb7 10. Be3 O-O 11. Nd2 Re8 12. f4 d5 13. Qf3 dxe4 14. Nxe4 Nxe4 15. dxe4 Bf6 16. Bc5 Be7 17. b4 Bxc5+ 18. bxc5 Qd4+ 19. Qf2 Qxe4 20. Rfe1 Qf5 21. g4 Qe6 22. Rad1 {Care Garcia,J (1850)-Agudelo Montoya,G (1648) Medellin COL 2024 1-0 (34)}) 8. a4 $146 ({RR} 8. Nc3 O-O 9. a3 d6 10. h3 Be6 11. Nd5 Nb8 12. Re1 c6 13. Nxe7+ Qxe7 14. c3 Bxb3 15. Qxb3 Qe6 16. Qc2 Nbd7 17. d4 Rfe8 18. Nh4 d5 19. exd5 Qxd5 20. dxe5 Rxe5 21. Rxe5 Qxe5 22. Be3 Re8 {Cuellar Gutierrez,R (1797)-Tapia Sanchez,J (1699) Madrid 2016 1-0 (65)}) ({RR} 8. Nc3 Na5 9. Nxe5 Nxb3 10. axb3 d6 11. Nc6 Qd7 12. Nxe7 Qxe7 13. Nxb5 c5 14. Bf4 axb5 15. Rxa8 O-O 16. Qd2 g5 17. Bg3 Kh7 18. Rd1 Qe6 19. f4 Qg4 20. fxg5 hxg5 21. Rf1 Nh5 22. Bxd6 Rg8 {Davies,A-Wingfield,H Auckland 1914 1-0 (33)}) ({RR} 8. c3 O-O 9. Nbd2 d5 10. exd5 Nxd5 11. Re1 Bg4 12. h3 Bh5 13. g4 Bg6 14. Ne4 Kh8 15. a4 Rb8 16. axb5 axb5 17. Ra6 Qd7 18. Ng3 Nb6 19. Nxe5 Nxe5 20. Rxe5 Bd6 21. Re3 Rbe8 22. Bc2 Nd5 {Ratiarison,D-Blanchon,P (1721) Metz 2006 1-0 (33)}) 8... Bb7 9. Nc3 b4 10. Nd5 a5 11. c3 O-O 12. Nxe7+ Qxe7 13. Nh4 Rfd8 14. Nf5 Qf8 15. Qf3 d5 16. Nxh6+ gxh6 17. Qxf6 Rd6 18. Qh4 Ne7 19. f4 Ng6 20. Qg3 Qg7 21. fxe5 Nxe5 22. Qxg7+ Kxg7 23. Bf4 Nxd3 24. Bxd6 cxd6 25. cxb4 axb4 26. exd5 Ba6 27. Bc2 Nxb2 28. Rfb1 Nd3 29. Bxd3 Bxd3 30. Rxb4 Ra5 31. Rb6 Bc4 32. Rd1 Rxa4 33. Rxd6 Ra7 34. Rc6 Bb5 35. Rc5 Bd7 36. d6 Ra8 37. Rd2 Kf6 38. Kf2 Ra3 39. Rc7 Ke6 40. Rb7 1-0